Chicago Bears 8+ sack seasons - Statistics

General Stats
  • This quiz has been taken 50 times
    13 since last reset
  • The average score is 31 of 81
Answer Stats
Season Sacks Player % Correct
2025 10.0 Montez Sweat
91%
2020 9.0 Khalil Mack
82%
2019 8.5 Khalil Mack
82%
2018 12.5 Khalil Mack
82%
2021 18.5 Robert Quinn
82%
2000 8.0 Brian Urlacher
73%
1993 12.5 Richard Dent
73%
1992 8.5 Richard Dent
73%
1991 10.5 Richard Dent
73%
1990 12.0 Richard Dent
73%
1989 9.0 Richard Dent
73%
1988 10.5 Richard Dent
73%
1987 12.5 Richard Dent
73%
1986 11.5 Richard Dent
73%
1985 17.0 Richard Dent
73%
1984 17.5 Richard Dent
73%
1988 9.5 Dan Hampton
64%
1986 10.0 Dan Hampton
64%
1984 11.5 Dan Hampton
64%
1982 9.0 Dan Hampton
64%
1981 9.0 Dan Hampton
64%
1980 11.5 Dan Hampton
64%
1992 10.5 Steve McMichael
64%
1991 9.0 Steve McMichael
64%
1988 11.5 Steve McMichael
64%
1986 8.0 Steve McMichael
64%
1985 8.0 Steve McMichael
64%
1984 10.0 Steve McMichael
64%
1983 8.5 Steve McMichael
64%
2017 8.5 Akiem Hicks
55%
1986 8.0 Otis Wilson
55%
1985 10.5 Otis Wilson
55%
2012 11.5 Julius Peppers
45%
2011 11.0 Julius Peppers
45%
2010 8.0 Julius Peppers
45%
1993 11.5 Trace Armstrong
45%
1990 10.0 Trace Armstrong
45%
2007 9.0 Adewale Ogunleye
36%
2005 10.0 Adewale Ogunleye
36%
2006 12.0 Mark Anderson
36%
1983 12.0 Mike Hartenstine
36%
1979 8.0 Mike Hartenstine
36%
2007 8.0 Tommie Harris
36%
1996 8.0 Alonzo Spellman
27%
1995 8.5 Alonzo Spellman
27%
2002 10.5 Rosevelt Colvin
27%
2001 10.5 Rosevelt Colvin
27%
1970 8.5 Ed O'Bradovich
18%
1968 12.0 Ed O'Bradovich
18%
1967 10.5 Ed O'Bradovich
18%
1998 8.5 Jim Flanigan
18%
1995 11.0 Jim Flanigan
18%
2015 8.0 Lamarr Houston
18%
2014 10.0 Willie Young
18%
1969 8.0 Doug Atkins
9%
1968 12.5 Doug Atkins
9%
1967 9.5 Doug Atkins
9%
1966 8.0 Doug Atkins
9%
1965 10.5 Doug Atkins
9%
1963 12.0 Doug Atkins
9%
1962 10.5 Doug Atkins
9%
1961 9.0 Doug Atkins
9%
1960 9.5 Doug Atkins
9%
2010 8.0 Israel Idonije
9%
1980 8.0 Jim Osborne
9%
1979 10.5 Jim Osborne
9%
1976 15.0 Jim Osborne
9%
1973 10.0 Jim Osborne
9%
1991 8.0 John Roper
9%
2001 9.0 Phillip Daniels
9%
1976 8.0 Wally Chambers
9%
1975 14.0 Wally Chambers
9%
1973 9.0 Wally Chambers
9%
1981 9.0 Alan Page
0%
1980 9.5 Alan Page
0%
1979 10.0 Alan Page
0%
1978 11.5 Alan Page
0%
1961 11.5 Bill George
0%
1971 8.0 George Seals
0%
1977 9.5 Ron Rydalch
0%
1970 14.5 Willie Holman
0%
No matching quizzes found
Score Distribution
Percent of People with Each Score
Percentile by Number Answered
Your Score History
You have not taken this quiz since the last reset